书目信息 |
| 题名: |
人的哲学论纲
|
|
| 作者: | 薛德震 著 | |
| 分册: | ||
| 出版信息: | 北京 人民出版社 2005 |
|
| 页数: | 311页 | |
| 开本: | 21cm | |
| 丛书名: | ||
| 单 册: | ||
| 中图分类: | A811.63 | |
| 科图分类: | ||
| 主题词: | 马克思主义哲学--人学--研究 | |
| 电子资源: | ||
| ISBN: | 7-01-005209-3 | |
| 000 | 01062nam0 2200301 450 | |
| 000 | 01025nam0 2200289 450 | |
| 000 | 00994nam0 2200289 450 | |
| 000 | 00940nam0 2200265 450 | |
| 000 | 00936nam0 2200253 450 | |
| 000 | 00899nam0 2200241 45 | |
| 001 | TS2006041035 | |
| 005 | 20070115155003.53 | |
| 010 | @a7-01-005209-3@dCNY23.00 | |
| 100 | @a20060829d2005 ekmy0chiy0120 ea | |
| 101 | 0 | @achi |
| 102 | @aCN@b110000 | |
| 105 | @ay z 000yy | |
| 200 | 1 | @a人的哲学论纲@ARen De Zhe Xue Lun Gang@f薛德震著@FXue De Zhen Zhu |
| 210 | @a北京@c人民出版社@d2005 | |
| 215 | @a311页@d21cm | |
| 330 | @a本书以“坚持以人为本,实现人的全面发展”为核心主题,并围绕这一主题展开对人的哲学的系统论述。内容包括:唯物史观中的人、马克思主义人本观的理论证明等。 | |
| 606 | 0 | @a马克思主义哲学@x人学@x研究 |
| 690 | @aA811.63@v4 | |
| 701 | 0 | @a薛德震@AXue De Zhen@4著 |
| 801 | 0 | @aCN@b中图数据@c20070115 |
| 905 | @a10447@dA811.63@e215 | |
| 人的哲学论纲/薛德震著.-北京:人民出版社,2005 |
| 311页;21cm |
| ISBN 7-01-005209-3:CNY23.00 |
| 本书以“坚持以人为本,实现人的全面发展”为核心主题,并围绕这一主题展开对人的哲学的系统论述。内容包括:唯物史观中的人、马克思主义人本观的理论证明等。 |
| ● |
| 相关链接 |
|
|
|
|
正题名:人的哲学论纲
索取号:A811.63/215
 
预约/预借
| 序号 | 登录号 | 条形码 | 馆藏地/架位号 | 状态 | 备注 |
| 1 | 0608781 | 206087811 | 第一样本阅览室/ [索取号:A811.63/215] | 在馆 | |
| 2 | 0608782 | 206087820 | 第一借阅区/ [索取号:A811.63/215] | 在馆 | |
| 3 | 0608783 | 206087839 | 第一借阅区/ [索取号:A811.63/215] | 在馆 |